000
00306nam a2200133Ia 4500
003
GCL
008
140319s9999 xx 000 0 ara d
040
_a
GCL /
_c
GCL
082
0
4
_a
813.03
_b
س ب
245
1
0
_a
بريق عينيك
260
_a
[S.N] :
_b
زهير بعلبكى
300
_a
365 ص
490
_a
999
_c
54939
_d
54939